000 00809nam0a22002651 4500
001 rc\62861
005 20021216130021.3
010 _a5-247-03021-4
_91000
035 _a(NLR Aleph) 005337898
090 _a6661715
_c6661715
100 _a20021216d1993 u |0rusy50 ca
101 0 _arus
102 _aRU
105 _aa |||||||||
200 1 _aСтатистика геологоразведочных работ
210 _aМ.
_cНедра
_d1993
215 _a189, [3] с.
_cил.
_d22
320 _aБиблиогр.: с. 191 (12 назв.)
700 1 _aЕгорин
_bП. Г.
_gПавел Германович
701 1 _aСемилякин
_bФ. П.
_gФеликс Павлович
801 0 _aRU
_bNLR
_gpsbo
801 1 _aRU
_bELAR
_2rusmarc
852 _aNLR
_j93-5/750
942 _cBOOK
980 _aNB